000 00359nam a2200145Ia 4500
005 20251222141855.0
008 251222s9999||||xx |||||||||||||| ||spa||
020 _a8479520647
082 _a739.237.46/C92
100 _aCruz Valdovinos, José Manuel
245 0 _aCinco Siglos de Platería Sevillana
250 _a1ra. ed.
264 _bCampsa
942 _cLIB
999 _c7851
_d7851